[Event "9th Vellmar Chess Days"]
[Site "chess24.com"]
[Date "2017.07.14"]
[Round "2"]
[White "Tuhacek, Christian"]
[Black "Weber, Andreas"]
[Result "1-0"]
[Board "29"]
[WhiteElo "2027"]
[WhiteCountry "GER"]
[WhiteFideId "24630748"]
[WhiteEloChange "4"]
[BlackElo "1795"]
[BlackCountry "GER"]
[BlackFideId "24652504"]
[BlackEloChange "-4"]

1. Nc3 {[%clk 1:30:57]} d5 {[%clk 1:29:21]} 2. e4 {[%clk 1:31:19]} d4 {[%clk
1:28:41]} 3. Nce2 {[%clk 1:31:41]} e5 {[%clk 1:29:04]} 4. Ng3 {[%clk 1:32:06]}
Be6 {[%clk 1:29:22]} 5. Nf3 {[%clk 1:32:21]} f6 {[%clk 1:29:40]} 6. b3 {[%clk
1:32:18]} Nc6 {[%clk 1:26:01]} 7. Bc4 {[%clk 1:31:51]} Qd7 {[%clk 1:18:48]} 8. d3
{[%clk 1:25:43]} Bb4+ {[%clk 1:16:26]} 9. Bd2 {[%clk 1:25:27]} Nge7 {[%clk
1:13:02]} 10. a3 {[%clk 1:22:58]} Bxd2+ {[%clk 1:11:16]} 11. Qxd2 {[%clk
1:20:57]} Bxc4 {[%clk 1:09:37]} 12. dxc4 {[%clk 1:20:42]} O-O {[%clk 1:02:13]}
13. O-O {[%clk 1:06:28]} Rad8 {[%clk 0:50:54]} 14. Ne1 {[%clk 1:03:11]} f5 {[%clk
0:43:59]} 15. f3 {[%clk 0:57:48]} f4 {[%clk 0:40:38]} 16. Nh1 {[%clk 0:57:06]}
Ng6 {[%clk 0:31:10]} 17. Nd3 {[%clk 0:55:04]} Kh8 {[%clk 0:28:03]} 18. Nhf2
{[%clk 0:46:37]} Qe7 {[%clk 0:27:48]} 19. Kh1 {[%clk 0:43:03]} b6 {[%clk
0:23:34]} 20. b4 {[%clk 0:38:54]} Qe6 {[%clk 0:19:19]} 21. c5 {[%clk 0:35:39]}
Qc4 {[%clk 0:17:10]} 22. Rfb1 {[%clk 0:31:58]} Qc3 {[%clk 0:15:42]} 23. Qxc3
{[%clk 0:19:58]} dxc3 {[%clk 0:16:08]} 24. Rb3 {[%clk 0:19:38]} Nd4 {[%clk
0:12:28]} 25. Rxc3 {[%clk 0:19:27]} b5 {[%clk 0:11:00]} 26. Rd1 {[%clk 0:15:08]}
c6 {[%clk 0:10:59]} 27. Ne1 {[%clk 0:13:49]} a5 {[%clk 0:09:33]} 28. Rcd3 {[%clk
0:11:41]} axb4 {[%clk 0:08:20]} 29. axb4 {[%clk 0:12:00]} Ra8 {[%clk 0:08:43]}
30. c3 {[%clk 0:10:24]} Ra2 {[%clk 0:07:11]} 31. cxd4 {[%clk 0:07:43]} Rxf2
{[%clk 0:07:25]} 32. Kg1 {[%clk 0:07:20]} Rb2 {[%clk 0:07:36]} 33. d5 {[%clk
0:07:14]} Rxb4 {[%clk 0:05:40]} 34. dxc6 {[%clk 0:06:49]} Rc4 {[%clk 0:02:53]}
35. Rd5 {[%clk 0:05:51]} Ne7 {[%clk 0:03:01]} 36. Rxe5 {[%clk 0:05:37]} Nxc6
{[%clk 0:03:03]} 37. Red5 {[%clk 0:05:20]} b4 {[%clk 0:01:48]} 38. Nd3 {[%clk
0:04:34]} Ne7 {[%clk 0:00:54]} 39. Rd7 {[%clk 0:03:51]} Nc6 {[%clk 0:01:13]} 40.
Nxf4 {[%clk 0:01:53]} b3 {[%clk 0:00:39]} 41. Nd3 {[%clk 0:29:20]} Nb4 {[%clk
0:29:53]} 42. Nxb4 {[%clk 0:27:36]} Rxb4 {[%clk 0:28:52]} 43. Rb1 {[%clk
0:27:38]} h6 {[%clk 0:26:28]} 44. c6 {[%clk 0:26:18]} Rc8 {[%clk 0:25:15]} 45. c7
{[%clk 0:24:15]} Kh7 {[%clk 0:25:38]} 46. Rd3 {[%clk 0:23:52]} Rxc7 {[%clk
0:24:29]} 47. Rdxb3 {[%clk 0:24:00]} Ra4 {[%clk 0:24:27]} 48. R3b2 {[%clk
0:22:58]} Rc3 {[%clk 0:21:02]} 49. Kf2 {[%clk 0:22:36]} Rc7 {[%clk 0:20:40]} 50.
Rd2 {[%clk 0:22:46]} 1-0

[Event "9th Vellmar Chess Days"]
[Site "chess24.com"]
[Date "2017.07.14"]
[Round "2"]
[White "Wiewesiek, Timo"]
[Black "Fischer, Andreas"]
[Result "1/2-1/2"]
[Board "30"]
[WhiteElo "1993"]
[WhiteCountry "GER"]
[WhiteFideId "12920193"]
[WhiteEloChange "-5"]
[BlackElo "1811"]
[BlackCountry "GER"]
[BlackFideId "1270053"]
[BlackEloChange "5"]

1. e4 {[%clk 1:30:58]} c5 {[%clk 1:30:49]} 2. Nc3 {[%clk 1:31:22]} e6 {[%clk
1:31:06]} 3. f4 {[%clk 1:31:47]} Nc6 {[%clk 1:31:05]} 4. Nf3 {[%clk 1:31:53]} g6
{[%clk 1:30:59]} 5. d4 {[%clk 1:30:24]} cxd4 {[%clk 1:31:05]} 6. Nxd4 {[%clk
1:30:44]} a6 {[%clk 1:27:31]} 7. Be3 {[%clk 1:23:45]} Nge7 {[%clk 1:24:07]} 8.
Be2 {[%clk 1:18:19]} Bg7 {[%clk 1:20:50]} 9. O-O {[%clk 1:14:32]} O-O {[%clk
1:20:00]} 10. Nxc6 {[%clk 1:01:05]} Nxc6 {[%clk 1:15:46]} 11. Qd2 {[%clk
0:55:05]} Qa5 {[%clk 1:10:36]} 12. f5 {[%clk 0:49:51]} exf5 {[%clk 1:08:23]} 13.
exf5 {[%clk 0:50:09]} gxf5 {[%clk 1:08:32]} 14. Bh6 {[%clk 0:44:19]} Qc5+ {[%clk
0:46:13]} 15. Kh1 {[%clk 0:44:31]} Ne7 {[%clk 0:44:39]} 16. Bxg7 {[%clk 0:42:10]}
Kxg7 {[%clk 0:45:02]} 17. Qg5+ {[%clk 0:42:02]} Ng6 {[%clk 0:39:49]} 18. Rxf5
{[%clk 0:36:36]} f6 {[%clk 0:39:33]} 19. Rxc5 {[%clk 0:33:23]} fxg5 {[%clk
0:39:53]} 20. Rxg5 {[%clk 0:33:38]} d6 {[%clk 0:36:32]} 21. Bd3 {[%clk 0:29:47]}
Bd7 {[%clk 0:33:07]} 22. Re1 {[%clk 0:25:46]} Kh6 {[%clk 0:27:20]} 23. Rg3 {[%clk
0:18:50]} Bc6 {[%clk 0:24:04]} 24. Bxg6 {[%clk 0:15:17]} hxg6 {[%clk 0:24:20]}
25. Kg1 {[%clk 0:15:28]} Rf6 {[%clk 0:23:00]} 26. Rf1 {[%clk 0:14:43]} Raf8
{[%clk 0:21:44]} 27. Rxf6 {[%clk 0:15:02]} Rxf6 {[%clk 0:22:09]} 28. Re3 {[%clk
0:15:05]} d5 {[%clk 0:21:12]} 29. Rd3 {[%clk 0:13:19]} Rf5 {[%clk 0:20:22]} 30.
Rd1 {[%clk 0:11:55]} Kg7 {[%clk 0:19:14]} 31. Ne2 {[%clk 0:11:56]} Re5 {[%clk
0:15:03]} 32. Nd4 {[%clk 0:11:41]} Kf6 {[%clk 0:13:24]} 33. Nxc6 {[%clk 0:10:03]}
bxc6 {[%clk 0:13:48]} 34. Kf2 {[%clk 0:10:27]} c5 {[%clk 0:13:25]} 35. Rd3 {[%clk
0:10:35]} d4 {[%clk 0:13:02]} 36. Ra3 {[%clk 0:09:48]} Re6 {[%clk 0:12:54]} 37.
Ra5 {[%clk 0:09:53]} c4 {[%clk 0:07:03]} 38. Rd5 {[%clk 0:09:11]} d3 {[%clk
0:03:15]} 39. cxd3 {[%clk 0:08:10]} Rb6 {[%clk 0:03:36]} 40. dxc4 {[%clk
0:00:55]} Rxb2+ {[%clk 0:03:53]} 41. Ke3 {[%clk 0:30:43]} Rxa2 {[%clk 0:34:44]}
42. Rd2 {[%clk 0:29:57]} Ra1 {[%clk 0:34:26]} 43. Rc2 {[%clk 0:29:46]} Ke6 {[%clk
0:33:34]} 44. c5 {[%clk 0:27:28]} Kd7 {[%clk 0:33:39]} 45. Kf4 {[%clk 0:26:34]}
Re1 {[%clk 0:32:13]} 46. Kg5 {[%clk 0:25:24]} Re6 {[%clk 0:32:20]} 47. h4 {[%clk
0:25:13]} Kc6 {[%clk 0:32:02]} 48. g4 {[%clk 0:23:43]} a5 {[%clk 0:31:58]} 49. h5
{[%clk 0:22:26]} gxh5 {[%clk 0:32:12]} 50. Kxh5 {[%clk 0:22:38]} a4 {[%clk
0:30:45]} 51. g5 {[%clk 0:22:41]} Re5 {[%clk 0:29:56]} 52. Kh6 {[%clk 0:20:34]}
Rxc5 {[%clk 0:30:02]} 53. Ra2 {[%clk 0:20:20]} Kb5 {[%clk 0:30:10]} 54. g6 {[%clk
0:20:14]} Kb4 {[%clk 0:29:46]} 55. Rf2 {[%clk 0:17:13]} Rc3 {[%clk 0:26:19]} 56.
Rb2+ {[%clk 0:10:19]} Ka3 {[%clk 0:23:34]} 57. Rb5 {[%clk 0:10:09]} Rc6 {[%clk
0:21:17]} 58. Kg5 {[%clk 0:10:16]} Rxg6+ {[%clk 0:15:34]} 59. Kxg6 {[%clk
0:10:39]} Ka2 {[%clk 0:15:59]} 60. Kf5 {[%clk 0:09:36]} a3 {[%clk 0:16:18]} 61.
Ke4 {[%clk 0:09:05]} Ka1 {[%clk 0:16:43]} 62. Kd3 {[%clk 0:09:12]} a2 {[%clk
0:17:06]} 63. Rh5 {[%clk 0:08:40]} Kb2 {[%clk 0:16:14]} 64. Rh2+ {[%clk 0:08:53]}
Kb1 {[%clk 0:16:55]} 65. Rxa2 {[%clk 0:06:34]} Kxa2 {[%clk 0:17:18]} 66. Ke4
{[%clk 0:06:34]} 1/2-1/2

[Event "9th Vellmar Chess Days"]
[Site "chess24.com"]
[Date "2017.07.14"]
[Round "2"]
[White "Loehnhardt, Benjamin"]
[Black "Rehbein, Ullrich"]
[Result "1-0"]
[Board "31"]
[WhiteElo "2009"]
[WhiteCountry "GER"]
[WhiteFideId "4646428"]
[WhiteEloChange "4"]
[BlackElo "1788"]
[BlackCountry "GER"]
[BlackFideId "4681037"]
[BlackEloChange "-4"]

1. d4 {[%clk 1:29:18]} Nf6 {[%clk 1:30:54]} 2. c4 {[%clk 1:29:17]} e6 {[%clk
1:31:14]} 3. Nf3 {[%clk 1:28:57]} c5 {[%clk 1:28:17]} 4. Nc3 {[%clk 1:28:23]}
cxd4 {[%clk 1:28:32]} 5. Nxd4 {[%clk 1:28:45]} Nc6 {[%clk 1:27:35]} 6. Nc2 {[%clk
1:28:10]} d5 {[%clk 1:24:48]} 7. cxd5 {[%clk 1:26:41]} exd5 {[%clk 1:23:13]} 8.
e3 {[%clk 1:25:07]} Be7 {[%clk 1:19:27]} 9. Be2 {[%clk 1:24:33]} O-O {[%clk
1:19:14]} 10. O-O {[%clk 1:24:50]} Be6 {[%clk 1:13:54]} 11. Nb5 {[%clk 1:23:55]}
Qb6 {[%clk 1:08:03]} 12. b3 {[%clk 1:21:50]} Rfd8 {[%clk 1:05:56]} 13. Bb2 {[%clk
1:22:07]} Rac8 {[%clk 1:04:10]} 14. Nbd4 {[%clk 1:16:43]} Nxd4 {[%clk 1:00:18]}
15. Nxd4 {[%clk 1:16:35]} Rc7 {[%clk 0:52:32]} 16. Rc1 {[%clk 1:08:15]} Rxc1
{[%clk 0:52:00]} 17. Qxc1 {[%clk 1:08:42]} Rc8 {[%clk 0:52:12]} 18. Qb1 {[%clk
1:07:21]} Ne4 {[%clk 0:47:01]} 19. Qa1 {[%clk 1:05:05]} Nf6 {[%clk 0:43:11]} 20.
Rd1 {[%clk 1:03:59]} Bd7 {[%clk 0:37:26]} 21. Bf3 {[%clk 1:02:56]} Ne4 {[%clk
0:30:49]} 22. Ne2 {[%clk 0:56:35]} Bf6 {[%clk 0:28:59]} 23. Bxe4 {[%clk 0:56:02]}
1-0

[Event "9th Vellmar Chess Days"]
[Site "chess24.com"]
[Date "2017.07.14"]
[Round "2"]
[White "Niebergall, Gerhard"]
[Black "Schulze, Nick"]
[Result "1-0"]
[Board "33"]
[WhiteElo "2001"]
[WhiteCountry "GER"]
[WhiteFideId "4624203"]
[WhiteEloChange "5"]
[BlackElo "1790"]
[BlackCountry "GER"]
[BlackFideId "16212312"]
[BlackEloChange "-5"]

1. d4 {[%clk 1:28:41]} Nf6 {[%clk 1:30:49]} 2. Bf4 {[%clk 1:28:59]} e6 {[%clk
1:30:49]} 3. e3 {[%clk 1:28:20]} c5 {[%clk 1:30:17]} 4. c3 {[%clk 1:28:13]} b6
{[%clk 1:29:02]} 5. Nf3 {[%clk 1:28:19]} Bb7 {[%clk 1:28:29]} 6. h3 {[%clk
1:28:38]} a6 {[%clk 1:27:04]} 7. Nbd2 {[%clk 1:27:28]} cxd4 {[%clk 1:24:52]} 8.
cxd4 {[%clk 1:27:47]} d6 {[%clk 1:24:52]} 9. Be2 {[%clk 1:20:39]} Be7 {[%clk
1:22:45]} 10. O-O {[%clk 1:18:18]} O-O {[%clk 1:22:54]} 11. Rc1 {[%clk 1:11:10]}
Re8 {[%clk 1:19:01]} 12. a3 {[%clk 0:54:33]} b5 {[%clk 1:13:01]} 13. Qc2 {[%clk
0:49:19]} Nc6 {[%clk 1:07:43]} 14. Bd3 {[%clk 0:49:38]} Rc8 {[%clk 1:07:03]} 15.
Qb1 {[%clk 0:50:01]} Bf8 {[%clk 1:06:18]} 16. Bg5 {[%clk 0:39:06]} g6 {[%clk
0:58:00]} 17. Rfd1 {[%clk 0:30:43]} Bg7 {[%clk 0:53:15]} 18. Ne4 {[%clk 0:29:14]}
Na5 {[%clk 0:49:14]} 19. Rxc8 {[%clk 0:29:25]} Bxc8 {[%clk 0:49:28]} 20. b4
{[%clk 0:24:59]} Nc4 {[%clk 0:44:56]} 21. Bxc4 {[%clk 0:22:29]} bxc4 {[%clk
0:45:19]} 22. Qc2 {[%clk 0:22:23]} Bb7 {[%clk 0:38:05]} 23. Nfd2 {[%clk 0:22:32]}
d5 {[%clk 0:37:50]} 24. Nc5 {[%clk 0:22:49]} Qc7 {[%clk 0:37:42]} 25. Bf4 {[%clk
0:19:33]} Qc6 {[%clk 0:34:46]} 26. Qa4 {[%clk 0:19:05]} Qxa4 {[%clk 0:33:30]} 27.
Nxa4 {[%clk 0:19:33]} Nd7 {[%clk 0:33:11]} 28. Nc5 {[%clk 0:15:32]} Nxc5 {[%clk
0:32:22]} 29. bxc5 {[%clk 0:15:49]} Bc6 {[%clk 0:31:57]} 30. Rb1 {[%clk 0:11:33]}
Bb5 {[%clk 0:28:18]} 31. Nf3 {[%clk 0:09:59]} f6 {[%clk 0:24:52]} 32. Bd6 {[%clk
0:10:23]} e5 {[%clk 0:22:32]} 33. Rb4 {[%clk 0:06:07]} c3 {[%clk 0:14:52]} 34.
Rb3 {[%clk 0:06:11]} c2 {[%clk 0:15:15]} 35. Rc3 {[%clk 0:06:36]} Ba4 {[%clk
0:15:39]} 36. c6 {[%clk 0:06:55]} exd4 {[%clk 0:14:31]} 37. Nxd4 {[%clk 0:02:51]}
f5 {[%clk 0:11:55]} 38. c7 {[%clk 0:03:15]} Rc8 {[%clk 0:11:43]} 39. Rc5 {[%clk
0:02:42]} Bxd4 {[%clk 0:10:14]} 40. exd4 {[%clk 0:03:10]} Bb3 {[%clk 0:10:27]}
41. Rc3 {[%clk 0:02:45]} Kf7 {[%clk 0:09:58]} 42. Bf4 {[%clk 0:01:38]} Ba4 {[%clk
0:06:02]} 43. Kf1 {[%clk 0:28:50]} Bb5+ {[%clk 0:32:25]} 44. Ke1 {[%clk 0:29:03]}
Ba4 {[%clk 0:23:42]} 45. Kd2 {[%clk 0:28:18]} Ke6 {[%clk 0:21:24]} 46. Rc5 {[%clk
0:27:23]} Bb5 {[%clk 0:15:27]} 47. Rxc2 {[%clk 0:26:38]} Bf1 {[%clk 0:15:31]} 48.
g3 {[%clk 0:26:13]} Kd7 {[%clk 0:13:26]} 49. h4 {[%clk 0:26:08]} Re8 {[%clk
0:11:48]} 50. Be5 {[%clk 0:26:29]} Bc4 {[%clk 0:11:24]} 51. Rb2 {[%clk 0:26:08]}
Bb5 {[%clk 0:10:01]} 52. Rb4 {[%clk 0:25:42]} Rc8 {[%clk 0:08:56]} 53. Ke3 {[%clk
0:21:34]} Ke8 {[%clk 0:07:06]} 54. a4 {[%clk 0:21:48]} Bd7 {[%clk 0:07:18]} 55.
Rb6 {[%clk 0:07:15]} Bxa4 {[%clk 0:05:59]} 56. Rxa6 {[%clk 0:07:24]} Bb3 {[%clk
0:05:46]} 57. Rb6 {[%clk 0:07:44]} Bc4 {[%clk 0:06:04]} 58. Rb8 {[%clk 0:07:58]}
Kd7 {[%clk 0:06:17]} 59. Kf4 {[%clk 0:07:53]} Ba6 {[%clk 0:05:57]} 60. Kg5 {[%clk
0:07:41]} Ke7 {[%clk 0:06:12]} 61. Kh6 {[%clk 0:06:57]} Kf7 {[%clk 0:05:53]} 62.
Kxh7 {[%clk 0:06:47]} Rf8 {[%clk 0:04:33]} 63. Rxf8+ {[%clk 0:06:15]} 1-0

[Event "9th Vellmar Chess Days"]
[Site "chess24.com"]
[Date "2017.07.14"]
[Round "2"]
[White "Reichelt, Ole"]
[Black "Oezdemir, Ali Oezden"]
[Result "0-1"]
[Board "34"]
[WhiteElo "1736"]
[WhiteCountry "GER"]
[WhiteFideId "12965073"]
[WhiteEloChange "-4"]
[BlackElo "1997"]
[BlackCountry "GER"]
[BlackFideId "12952745"]
[BlackEloChange "4"]

1. d4 {[%clk 1:30:57]} Nf6 {[%clk 1:30:01]} 2. c4 {[%clk 1:31:14]} g6 {[%clk
1:30:24]} 3. Nc3 {[%clk 1:31:35]} Bg7 {[%clk 1:30:53]} 4. e4 {[%clk 1:31:47]} d6
{[%clk 1:31:14]} 5. f3 {[%clk 1:31:18]} O-O {[%clk 1:31:21]} 6. Be3 {[%clk
1:31:36]} c5 {[%clk 1:31:40]} 7. dxc5 {[%clk 1:22:16]} Qa5 {[%clk 1:30:19]} 8.
Qa4 {[%clk 1:19:24]} Qxa4 {[%clk 1:28:18]} 9. Nxa4 {[%clk 1:19:51]} dxc5 {[%clk
1:28:26]} 10. Nxc5 {[%clk 1:18:25]} Nc6 {[%clk 1:25:27]} 11. O-O-O {[%clk
1:14:38]} b6 {[%clk 1:24:12]} 12. Nb3 {[%clk 1:07:58]} Ba6 {[%clk 1:19:57]} 13.
c5 {[%clk 1:06:45]} Bxf1 {[%clk 1:17:11]} 14. Rxf1 {[%clk 1:06:56]} Rfc8 {[%clk
1:07:28]} 15. Kb1 {[%clk 1:05:00]} bxc5 {[%clk 1:07:34]} 16. Rc1 {[%clk 1:01:15]}
Nd7 {[%clk 1:00:22]} 17. Nxc5 {[%clk 0:56:39]} Rab8 {[%clk 0:50:43]} 18. b3
{[%clk 0:53:00]} Nb6 {[%clk 0:34:51]} 19. Ne2 {[%clk 0:47:54]} a5 {[%clk
0:33:57]} 20. Rhd1 {[%clk 0:32:05]} a4 {[%clk 0:33:37]} 21. Nd4 {[%clk 0:31:07]}
Na5 {[%clk 0:25:04]} 22. Nb5 {[%clk 0:21:57]} axb3 {[%clk 0:23:38]} 23. axb3
{[%clk 0:20:44]} Nd5 {[%clk 0:15:08]} 24. Rxd5 {[%clk 0:18:56]} Rxb5 {[%clk
0:15:18]} 25. Nd3 {[%clk 0:13:14]} Rxb3+ {[%clk 0:13:10]} 26. Ka2 {[%clk
0:13:43]} Rcb8 {[%clk 0:11:31]} 27. Bd2 {[%clk 0:12:37]} e6 {[%clk 0:10:12]} 28.
Rd7 {[%clk 0:11:16]} R3b5 {[%clk 0:10:13]} 29. Rdc7 {[%clk 0:09:51]} Nc6 {[%clk
0:07:05]} 30. Rc3 {[%clk 0:00:38]} Bxc3 {[%clk 0:07:00]} 31. Bc1 {[%clk 0:00:31]}
Nb4+ {[%clk 0:04:07]} 32. Nxb4 {[%clk 0:00:10]} Bxb4 {[%clk 0:04:35]} 33. Ra7
{[%clk 0:00:32]} Ra5+ {[%clk 0:04:16]} 34. Rxa5 {[%clk 0:00:31]} Bxa5 {[%clk
0:04:43]} 35. Bf4 {[%clk 0:00:39]} Rc8 {[%clk 0:05:12]} 36. Kb2 {[%clk 0:00:32]}
f6 {[%clk 0:05:31]} 0-1

[Event "9th Vellmar Chess Days"]
[Site "chess24.com"]
[Date "2017.07.14"]
[Round "2"]
[White "Hoefelsauer, Thomas"]
[Black "Poelig, Juergen"]
[Result "1-0"]
[Board "35"]
[WhiteElo "2395"]
[WhiteTitle "FM"]
[WhiteCountry "GER"]
[WhiteFideId "24668842"]
[WhiteEloChange "2"]
[BlackElo "1883"]
[BlackCountry "GER"]
[BlackFideId "24661686"]
[BlackEloChange "-2"]

1. Nf3 {[%clk 1:30:56]} e6 {[%clk 1:30:52]} 2. g3 {[%clk 1:31:05]} d5 {[%clk
1:31:12]} 3. Bg2 {[%clk 1:31:31]} Nf6 {[%clk 1:31:27]} 4. O-O {[%clk 1:31:49]}
Nc6 {[%clk 1:31:15]} 5. b3 {[%clk 1:28:39]} Bd6 {[%clk 1:29:07]} 6. Bb2 {[%clk
1:27:46]} O-O {[%clk 1:28:37]} 7. c4 {[%clk 1:27:07]} b6 {[%clk 1:25:37]} 8. d4
{[%clk 1:25:35]} Bb7 {[%clk 1:25:06]} 9. Nbd2 {[%clk 1:25:23]} Ne4 {[%clk
1:16:58]} 10. Nxe4 {[%clk 1:18:29]} dxe4 {[%clk 1:12:34]} 11. Ne5 {[%clk
1:18:44]} f5 {[%clk 1:09:53]} 12. Nxc6 {[%clk 1:17:13]} Bxc6 {[%clk 1:07:34]} 13.
Qc2 {[%clk 1:14:40]} Be7 {[%clk 0:56:16]} 14. Rad1 {[%clk 1:12:27]} Rc8 {[%clk
0:47:46]} 15. f3 {[%clk 1:00:05]} exf3 {[%clk 0:44:28]} 16. Bxf3 {[%clk 1:00:18]}
Bxf3 {[%clk 0:41:44]} 17. Rxf3 {[%clk 0:58:24]} c6 {[%clk 0:41:01]} 18. e4 {[%clk
0:53:13]} g6 {[%clk 0:38:46]} 19. Qe2 {[%clk 0:47:48]} Qd7 {[%clk 0:31:09]} 20.
Kg2 {[%clk 0:43:37]} Bf6 {[%clk 0:24:02]} 21. e5 {[%clk 0:32:46]} Bg5 {[%clk
0:23:30]} 22. Rfd3 {[%clk 0:28:08]} f4 {[%clk 0:20:16]} 23. Qg4 {[%clk 0:27:08]}
Bh6 {[%clk 0:17:13]} 24. Bc1 {[%clk 0:23:08]} f3+ {[%clk 0:13:35]} 25. Rxf3
{[%clk 0:19:42]} Rxf3 {[%clk 0:13:41]} 26. Kxf3 {[%clk 0:19:47]} Rf8+ {[%clk
0:13:48]} 27. Kg2 {[%clk 0:19:51]} Bxc1 {[%clk 0:13:13]} 28. Rxc1 {[%clk
0:20:14]} Qf7 {[%clk 0:13:08]} 29. Qe2 {[%clk 0:20:15]} c5 {[%clk 0:12:26]} 30.
Rf1 {[%clk 0:17:04]} Qb7+ {[%clk 0:11:58]} 31. d5 {[%clk 0:17:29]} Rxf1 {[%clk
0:11:25]} 32. Qxf1 {[%clk 0:17:58]} exd5 {[%clk 0:11:37]} 33. Qf3 {[%clk
0:18:17]} Qe7 {[%clk 0:10:20]} 34. Qxd5+ {[%clk 0:18:36]} Kg7 {[%clk 0:07:39]}
35. Qd6 {[%clk 0:11:08]} Qxd6 {[%clk 0:00:53]} 36. exd6 {[%clk 0:11:37]} Kf6
{[%clk 0:01:22]} 37. Kf3 {[%clk 0:11:54]} Ke6 {[%clk 0:01:38]} 38. Kg4 {[%clk
0:12:14]} h6 {[%clk 0:01:54]} 39. h4 {[%clk 0:12:31]} Kxd6 {[%clk 0:01:50]} 40.
h5 {[%clk 0:12:50]} g5 {[%clk 0:01:30]} 41. Kf5 {[%clk 0:12:48]} Ke7 {[%clk
0:21:06]} 42. Kg6 {[%clk 0:44:12]} g4 {[%clk 0:21:14]} 43. Kxh6 {[%clk 0:42:27]}
Kf6 {[%clk 0:21:24]} 44. a3 {[%clk 0:42:48]} a6 {[%clk 0:21:07]} 45. a4 {[%clk
0:43:11]} a5 {[%clk 0:21:16]} 46. Kh7 {[%clk 0:43:36]} Kf7 {[%clk 0:20:37]} 47.
h6 {[%clk 0:43:59]} Kf8 {[%clk 0:20:41]} 48. Kg6 {[%clk 0:44:25]} Kg8 {[%clk
0:20:53]} 49. h7+ {[%clk 0:44:48]} Kh8 {[%clk 0:21:19]} 50. Kh6 {[%clk 0:45:13]}
1-0

[Event "9th Vellmar Chess Days"]
[Site "chess24.com"]
[Date "2017.07.14"]
[Round "2"]
[White "Humburg, Philipp"]
[Black "Vergin, Marcel"]
[Result "1-0"]
[Board "36"]
[WhiteElo "2229"]
[WhiteCountry "GER"]
[WhiteFideId "24656151"]
[WhiteEloChange "2"]
[BlackElo "1777"]
[BlackCountry "GER"]
[BlackFideId "12946010"]
[BlackEloChange "-2"]

1. e4 {[%clk 1:30:58]} c5 {[%clk 1:30:50]} 2. Nf3 {[%clk 1:31:22]} a6 {[%clk
1:31:16]} 3. c3 {[%clk 1:31:47]} d5 {[%clk 1:29:44]} 4. exd5 {[%clk 1:32:14]}
Qxd5 {[%clk 1:30:04]} 5. d4 {[%clk 1:32:39]} cxd4 {[%clk 1:28:17]} 6. cxd4 {[%clk
1:33:07]} e6 {[%clk 1:24:16]} 7. Nc3 {[%clk 1:33:31]} Qd8 {[%clk 1:22:55]} 8. Bd3
{[%clk 1:33:47]} Nf6 {[%clk 1:22:32]} 9. O-O {[%clk 1:34:10]} Nc6 {[%clk
1:22:49]} 10. a3 {[%clk 1:31:41]} Be7 {[%clk 1:22:10]} 11. Re1 {[%clk 1:32:03]}
O-O {[%clk 1:17:41]} 12. Bc2 {[%clk 1:31:32]} b5 {[%clk 1:15:10]} 13. Qd3 {[%clk
1:28:53]} b4 {[%clk 1:13:11]} 14. Ne4 {[%clk 1:28:53]} Nd5 {[%clk 1:08:02]} 15.
Ne5 {[%clk 1:25:52]} Qb6 {[%clk 1:06:14]} 16. Nc5 {[%clk 1:16:40]} Nf6 {[%clk
0:54:50]} 17. Ned7 {[%clk 1:16:39]} Bxd7 {[%clk 0:54:59]} 18. Nxd7 {[%clk
1:17:01]} Qxd4 {[%clk 0:54:37]} 19. Nxf6+ {[%clk 1:17:18]} 1-0

[Event "9th Vellmar Chess Days"]
[Site "chess24.com"]
[Date "2017.07.14"]
[Round "2"]
[White "Ziegenfuss, Antonia"]
[Black "George, Tom"]
[Result "0-1"]
[Board "37"]
[WhiteElo "1879"]
[WhiteCountry "GER"]
[WhiteFideId "12962554"]
[WhiteEloChange "-3"]
[BlackElo "2212"]
[BlackCountry "GER"]
[BlackFideId "24659487"]
[BlackEloChange "3"]

1. d4 {[%clk 1:30:58]} Nf6 {[%clk 1:28:02]} 2. c4 {[%clk 1:31:18]} e6 {[%clk
1:27:48]} 3. Nc3 {[%clk 1:31:24]} Bb4 {[%clk 1:28:11]} 4. Bg5 {[%clk 1:30:54]} c5
{[%clk 1:27:47]} 5. d5 {[%clk 1:24:37]} d6 {[%clk 1:27:39]} 6. e4 {[%clk
1:21:50]} h6 {[%clk 1:25:36]} 7. Bxf6 {[%clk 1:21:45]} Qxf6 {[%clk 1:25:55]} 8.
Qc2 {[%clk 1:16:46]} Nd7 {[%clk 1:25:42]} 9. Bd3 {[%clk 1:01:41]} b5 {[%clk
1:24:40]} 10. Ne2 {[%clk 0:49:18]} Ne5 {[%clk 1:23:11]} 11. a3 {[%clk 0:43:01]}
Bxc3+ {[%clk 1:15:44]} 12. Nxc3 {[%clk 0:38:55]} bxc4 {[%clk 1:14:37]} 13. Bxc4
{[%clk 0:38:49]} Nxc4 {[%clk 1:14:59]} 14. Qa4+ {[%clk 0:39:16]} Bd7 {[%clk
1:15:22]} 15. Qxc4 {[%clk 0:39:41]} Rb8 {[%clk 1:13:28]} 16. Rb1 {[%clk 0:38:45]}
Qd4 {[%clk 1:09:19]} 17. Qxd4 {[%clk 0:36:02]} cxd4 {[%clk 1:06:48]} 18. Ne2
{[%clk 0:33:52]} e5 {[%clk 1:07:17]} 19. Kd2 {[%clk 0:33:57]} Ke7 {[%clk
1:05:24]} 20. Nc1 {[%clk 0:29:00]} Bb5 {[%clk 0:57:33]} 21. Nd3 {[%clk 0:26:49]}
Rhc8 {[%clk 0:45:35]} 22. Rhc1 {[%clk 0:11:20]} Rxc1 {[%clk 0:29:51]} 23. Nxc1
{[%clk 0:09:50]} Bf1 {[%clk 0:25:45]} 24. g4 {[%clk 0:10:01]} Bg2 {[%clk
0:19:37]} 25. Kd3 {[%clk 0:10:22]} Bf3 {[%clk 0:17:37]} 26. h3 {[%clk 0:09:20]}
g5 {[%clk 0:15:58]} 27. Ne2 {[%clk 0:05:18]} Rb3+ {[%clk 0:16:19]} 28. Kc4 {[%clk
0:05:06]} Bxe4 {[%clk 0:14:47]} 29. Nxd4 {[%clk 0:03:25]} Rxh3 {[%clk 0:12:29]}
30. Nc6+ {[%clk 0:03:03]} Kd7 {[%clk 0:10:39]} 31. Re1 {[%clk 0:02:28]} Bc2
{[%clk 0:09:11]} 32. Nb4 {[%clk 0:01:01]} Bb3+ {[%clk 0:08:15]} 33. Kb5 {[%clk
0:01:24]} Rf3 {[%clk 0:07:13]} 34. Re2 {[%clk 0:00:41]} Rf4 {[%clk 0:07:12]} 35.
Re3 {[%clk 0:01:04]} Bc4+ {[%clk 0:07:14]} 36. Ka5 {[%clk 0:01:27]} Rxg4 {[%clk
0:03:50]} 37. b3 {[%clk 0:01:11]} Bf1 {[%clk 0:04:19]} 38. Rf3 {[%clk 0:01:22]}
Rf4 {[%clk 0:04:18]} 39. Rc3 {[%clk 0:00:51]} Rd4 {[%clk 0:03:48]} 40. Rf3 {[%clk
0:01:00]} Rf4 {[%clk 0:03:53]} 41. Rc3 {[%clk 0:01:12]} Rxf2 {[%clk 0:29:54]} 42.
Nc6 {[%clk 0:32:13]} g4 {[%clk 0:29:22]} 43. Nxa7 {[%clk 0:32:36]} Rf3 {[%clk
0:29:13]} 0-1